Green Day-When I Come Around (Lyrics) - Statistics

General Stats
  • This quiz has been taken 283 times
  • The average score is 130 of 191
Answer Stats
Lyrics % Correct
I
99%
A
98%
You
96%
The
92%
Around
91%
When
90%
Come
88%
Be
87%
To
86%
Heard
85%
All
84%
So
82%
Way
81%
Crying
79%
Loud,
79%
Me
79%
And
77%
No
77%
Do
76%
For
76%
It
76%
Know
75%
That
73%
I'll
72%
Where
72%
Your
72%
On
71%
Town
71%
World
71%
Across
69%
Found
69%
It's
69%
Search
69%
Cause
68%
'Cause
68%
Don't
68%
Out
65%
Time
64%
I'm
63%
Go
62%
Someone
62%
Searching
61%
Right
60%
Been
58%
What
58%
Before,
56%
Now,
56%
Get
55%
Like,
55%
Loser
55%
Just
54%
My
54%
Down
53%
User
53%
You're
52%
Yourself
52%
Well,
49%
Lonely
48%
Need
48%
Sorry
48%
Door
47%
Feeling
46%
Knock
46%
Make
46%
Not
46%
Sure
45%
Try
44%
Prowl
43%
Sit
43%
Accuser
42%
About
41%
Because
41%
Eyes
40%
Thinking
40%
Ditching
39%
Dry
39%
If
39%
Can't
38%
There
37%
Moment
36%
Something
35%
Find
34%
Self
33%
Whining
33%
Back
31%
Ever
31%
Was
31%
May
29%
Roaming
28%
Wise
27%
Forcing
26%
Nothing
26%
Uptight
25%
Doubt
24%
Slag
23%
Means
22%
Yard
22%
Sleazin'
19%
No matching quizzes found
Score Distribution
Percent of People with Each Score
Percentile by Number Answered
Your Score History
You have not taken this quiz